Studien zur Lehre von der ungerechtfertigten Bereicherung

Guardat en:
Dades bibliogràfiques
Autor principal: Werner, Flume (Autor)
Format: Llibre
Idioma:alemany
Publicat: Tubinga Mohr 2003
Matèries:
Etiquetes: Afegir etiqueta
Sense etiquetes, Sigues el primer a etiquetar aquest registre!

MARC

LEADER 00000nam a2200000 a 4500
001 UCK4952
003 CL-VaPUC
008 050701e20030000GW |||||||||||||||||ger|d
020 |a 3161479300 
082 0 4 |a 346  |b WER  |2 21 
100 0 |a Werner, Flume  |e author  |9 493593 
245 1 0 |a Studien zur Lehre von der ungerechtfertigten Bereicherung 
300 |a 262 p 
942 |c BK 
945 |d 20050701 00:00:00  |a jcarroza 
260 |a Tubinga  |b Mohr  |c 2003 
650 0 |a Derecho civil  |9 255013 
583 |a last modification  |c 20050701 00:00:00  |k Rodrigo Vera 
999 |c 313655  |d 313653 
952 |0 0  |1 0  |4 0  |6 346_000000000000000_WER_2003  |7 0  |8 A  |9 385131  |a BIBDER  |b BIBDER  |d 2019-11-22  |i 4140869  |o 346 WER 2003  |p 4140869  |r 2023-01-25  |w 2019-11-22  |y BK  |k DER